00370nam a2200157Ia 4500003000900000008004100009040001300050040001300063100001100076245005100087250001000138260002400148300000800172490000600180600002600186IT-RoPAU120407s9999 xx 000 0 und d aIT-RoPAU cIT-RoPAU aPio XI aInviti all'eroismo. Discorsi di S.S. Pio XI… aRoma  aCiviltà Cattolica c cm v2 amanca il primo volume